| 000 | 00488nam a2200169Ia 4500 | ||
|---|---|---|---|
| 003 | IN-BaIIA | ||
| 008 | 211028s9999 xx 000 0 eng d | ||
| 040 | _cIIA Library | ||
| 080 |
_a530.1 _bRIP |
||
| 100 |
_aRipley, J. A. _94886 |
||
| 245 | 4 |
_aThe elements and structure of the physical sciences _cJ. A. Ripley |
|
| 260 |
_aNew York _bWiley _c1964 |
||
| 300 | _axx, 584p. | ||
| 650 | _aNASA Thesaurus | ||
| 650 |
_aPhysics _973 |
||
| 942 | _cBK | ||
| 999 |
_c2725 _d2725 |
||